Focus groups as qualitative research
| Main Author: | |
|---|---|
| Format: | Print Book |
| Language: | English |
| Published: |
Newbury Park [u.a.]
Sage
1988
|
| In: |
Qualitative research methods (16)
Year: 1988 |
| Edition: | 1. print. |
| Online Access: |
Table of contents Verlagsangaben (Publisher) |
| Availability in Tübingen: | Present in Tübingen. UB: KB 18 A 5033 |
| Check availability: | HBZ Gateway |
| Subito Delivery Service: | Order now. |
| Keywords: |
MARC
| LEADER | 00000cam a2200000 c 4500 | ||
|---|---|---|---|
| 001 | 197624359 | ||
| 003 | DE-627 | ||
| 005 | 20251222204918.0 | ||
| 007 | tu | ||
| 008 | 881122s1988 xxu||||| 00| ||eng c | ||
| 020 | |a 0803932081 |9 0-8039-3208-1 | ||
| 020 | |a 080393209X |9 0-8039-3209-X | ||
| 035 | |a (DE-627)197624359 | ||
| 035 | |a (DE-576)016710983 | ||
| 035 | |a (DE-599)GBV197624359 | ||
| 035 | |a (OCoLC)230967874 | ||
| 035 | |a (OCoLC)17918192 | ||
| 035 | |a (DE-604)8013295829 | ||
| 040 | |a DE-627 |b ger |c DE-627 |e rakwb | ||
| 041 | |a eng | ||
| 044 | |c XD-US | ||
| 050 | 0 | |a H61.28 | |
| 082 | 0 | |a 300.723 | |
| 084 | |a MR 2400 |2 rvk |0 (DE-625)rvk/123491: | ||
| 084 | |a CM 2200 |2 rvk |0 (DE-625)rvk/18943: | ||
| 084 | |a CV 2000 |2 rvk |0 (DE-625)rvk/19152: | ||
| 100 | 1 | |a Morgan, David L. |0 (DE-588)1058919393 |0 (DE-627)797798102 |0 (DE-576)414996682 |4 aut | |
| 109 | |a Morgan, David L. | ||
| 245 | 1 | 0 | |a Focus groups as qualitative research |c David L. Morgan |
| 250 | |a 1. print. | ||
| 264 | 1 | |a Newbury Park [u.a.] |b Sage |c 1988 | |
| 300 | |a 85 S. | ||
| 336 | |a Text |b txt |2 rdacontent | ||
| 337 | |a ohne Hilfsmittel zu benutzen |b n |2 rdamedia | ||
| 338 | |a Band |b nc |2 rdacarrier | ||
| 490 | 1 | |a Qualitative research methods |v 16 | |
| 490 | 0 | |a A Sage university paper | |
| 650 | 0 | |a Focused group interviewing | |
| 650 | 0 | |a Social Sciences |x Research |x Methodology | |
| 650 | 0 | |a Qualitative Research | |
| 650 | 0 | |a focus groups | |
| 689 | 0 | 0 | |d s |0 (DE-588)4158453-3 |0 (DE-627)105492914 |0 (DE-576)209842342 |a Gruppeninterview |2 gnd |
| 689 | 0 | |5 (DE-627) | |
| 689 | 1 | 0 | |d s |0 (DE-588)4022378-4 |0 (DE-627)106309234 |0 (DE-576)208943307 |a Gruppe |2 gnd |
| 689 | 1 | 1 | |d s |0 (DE-588)4078239-6 |0 (DE-627)106077961 |0 (DE-576)209207930 |a Themenzentrierte Interaktion |2 gnd |
| 689 | 1 | 2 | |d s |0 (DE-588)4155046-8 |0 (DE-627)105518689 |0 (DE-576)209815868 |a Forschungsmethode |2 gnd |
| 689 | 1 | |5 (DE-627) | |
| 830 | 0 | |a Qualitative research methods |v 16 |9 1600 |w (DE-627)131118196 |w (DE-576)012044598 |w (DE-600)1122630-4 |x 0888-5397 |7 am | |
| 856 | 4 | 2 | |u http://www.loc.gov/catdir/enhancements/fy0655/88011594-d.html |x Verlag |3 Verlagsangaben |7 1 |
| 856 | 4 | 2 | |u http://www.loc.gov/catdir/enhancements/fy0655/88011594-t.html |x Verlag |y Table of contents |7 1 |
| 889 | |w (DE-627)273567713 | ||
| 935 | |i Blocktest | ||
| 936 | r | v | |a MR 2400 |b Beobachtung, Interview und Umfrage, Feldforschung (auch Meinungsforschung, Marktforschung) |k Soziologie |k Sozialwissenschaftliche Theorien und Methoden |k Methoden der Sozialforschung |k Beobachtung, Interview und Umfrage, Feldforschung (auch Meinungsforschung, Marktforschung) |0 (DE-627)1270710907 |0 (DE-625)rvk/123491: |0 (DE-576)200710907 |
| 936 | r | v | |a CM 2200 |b Methodik und Wissenschaftstheorie der Psychologie |k Psychologie |k Allgemeines. Geschichte und Methodik |k Methodik und Wissenschaftstheorie der Psychologie |0 (DE-627)1271484781 |0 (DE-625)rvk/18943: |0 (DE-576)201484781 |
| 936 | r | v | |a CV 2000 |b Methoden der Sozialpsychologie |k Psychologie |k Sozialpsychologie |k Methoden der Sozialpsychologie |0 (DE-627)1271481650 |0 (DE-625)rvk/19152: |0 (DE-576)201481650 |
| 951 | |a BO | ||
| ELC | |b 1 | ||
| LOK | |0 000 xxxxxcx a22 zn 4500 | ||
| LOK | |0 001 3308192462 | ||
| LOK | |0 003 DE-627 | ||
| LOK | |0 004 197624359 | ||
| LOK | |0 005 20151023131502 | ||
| LOK | |0 008 890523||||||||||||||||ger||||||| | ||
| LOK | |0 040 |a DE-21 |c DE-627 |d DE-21 | ||
| LOK | |0 852 |a DE-21 | ||
| LOK | |0 852 1 |c KB 18 A 5033 |9 00 | ||
| LOK | |0 935 |a krim | ||
| LOK | |0 939 |a 23-05-89 |b l01 | ||
| ORI | |a SA-MARC-krimdoka001.raw | ||
| SIG | |a UB: KB 18 A 5033 | ||
